| 000 | nam a22 a 4500 | ||
|---|---|---|---|
| 999 |
_c470563 _d470563 |
||
| 003 | BLK | ||
| 005 | 20220816160739.0 | ||
| 008 | 201022b bu |||||r|||| 00| | bu d | ||
| 020 | _a9785373014953 | ||
| 040 | _aBLK | ||
| 041 |
_aRUS _cRUS |
||
| 080 |
_aРуска литература _b821.161.1 _x-93-34 _z821.161.1-93-34 |
||
| 100 | 1 |
_985027 _aКрылов, Иван Андреевич _eпърви автор |
|
| 139 |
_aКрылов, Иван Андреевич _bК 92 |
||
| 245 |
_aКвартет и другие басни _cИ. А. Крылов; худ. А. К. Жаба |
||
| 260 |
_aМосква _c2013 _9479439 _bОлма Медиа Групп |
||
| 300 |
_c28 см _a32 с. |
||
| 380 | _aDX | ||
| 490 |
_9479440 _aСказки Ученого Кота |
||
| 942 |
_cKNG _n0 _s1 |
||
| 944 |
_aCR _c2022-08-16 _kвр |
||